| 000 | 00614nam a22001817a 4500 | ||
|---|---|---|---|
| 999 |
_c190877 _d190877 |
||
| 005 | 20220808153544.0 | ||
| 010 | _aMegha Khanna | ||
| 020 |
_a978-9385445781 _c1995.00 |
||
| 037 | _bLiterary Circle | ||
| 082 | _22nd | ||
| 100 | _aBhatnagar, V..S. | ||
| 245 |
_aA History of Sawai Jai Singh and his Times (1688-1743 A.D.)/ _cV.S.Bhatnagar |
||
| 260 |
_aJaipur _bLiterary Circle _c2020 |
||
| 270 |
_aC-13, First Floor Opp Khandelal Girls College SC Road _bJaipur _e302001 _k0141-2376922 _mliterarycirclejpr@yahoo.com |
||
| 300 |
_aviii,419 p. _c24.5 cm (Hb) |
||
| 500 | _aBibliography, Index | ||
| 942 |
_2ddc _cEN _mBHA |
||